| 000 | 00397nam a2200133Ia 4500 | ||
|---|---|---|---|
| 005 | 20260328104320.0 | ||
| 008 | 260328s9999||||xx |||||||||||||| ||und|| | ||
| 100 | _aPatiño Santa, Luis Fernando | ||
| 245 | 0 |
_aDiseñar con Luz y Sentido : _b un Proyecto de Diseño de luminarias / _cLuis Fernando Patiño Santa |
|
| 260 | _bEafit | ||
| 300 | _a245 p. | ||
| 650 | _aDISEÑO INDUSTRIAL | ||
| 942 | _cBK | ||
| 999 |
_c11323 _d11323 |
||